Northern Ireland cull larger than expected (Record no. 66622)
[ view plain ]
| 000 -LEADER | |
|---|---|
| fixed length control field | 00759cam a2200229 4500 |
| 001 - CONTROL NUMBER | |
| control field | WB3714-44 |
| 008 - FIXED-LENGTH DATA ELEMENTS--GENERAL INFORMATION | |
| fixed length control field | 000000n2001 000 0 eng u |
| 035 ## - SYSTEM CONTROL NUMBER | |
| System control number | (Sirsi) u111809 |
| 245 ## - TITLE STATEMENT | |
| Title | Northern Ireland cull larger than expected |
| 260 ## - PUBLICATION, DISTRIBUTION, ETC. | |
| Date of publication, distribution, etc. | 2001 |
| 490 ## - SERIES STATEMENT | |
| Series statement | Birmingham Post |
| Volume/sequential designation | 3 April 2001, 6(1) |
| 520 ## - SUMMARY, ETC. | |
| Summary, etc. | A cull of sheep in Northern Ireland has become bigger than expected. The cull was carried out to allow meat exports to resume. The increase was put down to lambing and an extension of the area involved. |
| 590 ## - LOCAL NOTE (RLIN) | |
| Local note | WB |
| 650 ## - SUBJECT ADDED ENTRY--TOPICAL TERM | |
| Topical term or geographic name entry element | FOOT-AND-MOUTH DISEASE |
| 650 ## - SUBJECT ADDED ENTRY--TOPICAL TERM | |
| Topical term or geographic name entry element | NORTHERN IRELAND |
| 650 ## - SUBJECT ADDED ENTRY--TOPICAL TERM | |
| Topical term or geographic name entry element | CULL |
| 650 ## - SUBJECT ADDED ENTRY--TOPICAL TERM | |
| Topical term or geographic name entry element | SHEEP |
| 650 ## - SUBJECT ADDED ENTRY--TOPICAL TERM | |
| Topical term or geographic name entry element | LIVESTOCK MOVEMENT |
| 650 ## - SUBJECT ADDED ENTRY--TOPICAL TERM | |
| Topical term or geographic name entry element | ANIMAL HEALTH |
| 690 ## - LOCAL SUBJECT ADDED ENTRY--TOPICAL TERM (OCLC, RLIN) | |
| Topical term or geographic name as entry element | Rural |
| 9 (RLIN) | 6268 |
| 942 ## - ADDED ENTRY ELEMENTS (KOHA) | |
| Suppress in OPAC | 0 |
| Withdrawn status | Lost status | Source of classification or shelving scheme | Damaged status | Not for loan | Home library | Current library | Shelving location | Date acquired | Total Checkouts | Full call number | Barcode | Date last seen | Copy number | Price effective from | Koha item type |
|---|---|---|---|---|---|---|---|---|---|---|---|---|---|---|---|
| Dewey Decimal Classification | London | London | News article | 04/04/2001 | WB3714-44 | 111809-1001 | 06/08/2019 | 1 | 06/08/2019 | News article |